00671nam a2200121Ia 4500008004100000020001800041100003200059245010600091260002700197650026000224650002200484856004300506171212s9999 xx 000 0 und d a9780833032195 aRabasa, Angel;Haseman, John cRabasa, Angel;Haseman, JohnaThe Military and Democracy in IndonesiabChallenges, Politics, and Power bRAND Corporationc2002 aCivil-military relations -- Indonesia; Indonesia -- Politics and government -- 20th century; Indonesia -- Armed Forces -- Reorganization; Indonesia -- Armed Forces -- Political activity; United States -- Military relations -- Indonesia; Indonesia -- Milit aPolitical Science uwww.jstor.org/stable/10.7249/mr1599srf